| 000 | 00353nam a2200133Ia 4500 | ||
|---|---|---|---|
| 008 | 220217s9999||||xx |||||||||||||| ||und|| | ||
| 020 | _a9788131514672 | ||
| 082 | _a658.45 | ||
| 100 |
_aButterfield, Jeff _910174 |
||
| 245 | 0 | _aSoft skills for everyone | |
| 260 |
_aCengage learning _bNew Delhi _c2018 |
||
| 300 |
_a638p. _b499 |
||
| 650 | _aPlacement | ||
| 999 |
_c188419 _d188419 |
||